000 00919nam a22002417a 4500
999 _c63420
_d63420
005 20240530110640.0
008 171009s2016 ua a g b 000 0 ara d
017 _a2015/9993
_bمصر. دار الكتب
020 _a9789777352789
040 _aEG-CaGPL
_cEG-CaGPL
082 0 4 _221
_a362.41\
_bص م
100 0 _aصلاح سعد صلاح .
245 1 2 _aالمساندة الاجتماعية للمعاقين بصريا /
_cصلاح سعد صلاح .
250 _aط.1
260 _aالاسكندرية :
_bدار الوفاء لدنيا الطباعة و النشر ،
_c2016 .
300 _a417 ص. ؛
_c24 سم.
504 _aببليوجرافية : ص 367 - 396
650 0 7 _2qrmak
_aالمكفوفون .
650 0 7 _2qrmak
_aالمكفوفون
_xتعليم
650 0 7 _2qrmak
_aالمكفوفون
_xرعاية اجتماعية .
942 _2ddc
_cBK